000 00715nam a2200217Ii 4500
003 JO-AjNU
008 230605s9999||||xx |||||||||||||| ||und||
017 _a2004/9/2313
020 _a9957-32-069-6
040 _aJO-AjNU
_bara
_erda
_cJO-AjNU
041 _aara
050 1 4 _aHF5415.1265.N87 2005
100 3 _aنصير، محمد طاهر,
_eauthor
_957183
245 0 0 _aالتسويق الإلكتروني
264 3 1 _aعمان: دار الحامد للنشر والتوزيع، 2005
300 _a400ص
336 _atext
_btxt
_2rdacontent
337 _aunmediated
_bn
_2rdamedia
338 _avolume
_bnc
_2rdacarrier
650 4 _aالتسويق- معالجة البيانات الكترونيا
_957184
999 _aA25609
_c29177
_d29177